00429 a2200169 4500001000700000020000600007040001100013100002200024240002600046245002100072362000900093440000800102697002100110942000700131952010200138999001900240179939 a  cMagnum aSiguemoto, Regina10aO pirata pernetalpor10aO pirata perneta0 a1899 1aFTD aMAGNITO: I/GERAL cBK 00104070a32.5b32.5d2024-06-08l0oLI.00953pMAG00029805r2024-06-08 20:53:39w2024-06-08yBK c179939d179939